Теория экономических информационных систем: учебное пособие

Библиографические подробности
Главный автор: Важдаев А. Н. Андрей Николаевич
Корпоративные авторы: Томский политехнический университет (ТПУ), Юргинский технологический институт (филиал)
Примечания:В пособии изложены основные концептуальные материалы, касающиеся процессов проектирования, создания и сопровождения экономических информационных систем. Каждая глава сопровождается списком вопросов для самопроверки, позволяющим студентам проверить уровень усвоенного материала. Предназначено для студентов специальности 080801 "Прикладная информатика (в экономике)" и всех интересующихся основами теории экономических информационных систем.
Язык:русский
Опубликовано: Томск, Изд-во ТПУ, 2008
Предметы:
Формат: Книга
Запись в KOHA:https://koha.lib.tpu.ru/cgi-bin/koha/opac-detail.pl?biblionumber=146351

MARC

LEADER 00000nam0a2200000 4500
001 146351
005 20231214134631.0
035 |a (RuTPU)RU\TPU\book\158647 
090 |a 146351 
100 |a 20081029d2008 m y0rusy50 ca 
101 0 |a rus 
102 |a RU 
105 |a y j 001zy 
200 1 |a Теория экономических информационных систем  |e учебное пособие  |f А. Н. Важдаев  |g Томский политехнический университет (ТПУ) ; Юргинский технологический институт (филиал) 
210 |a Томск  |c Изд-во ТПУ  |d 2008 
215 |a 84 с. 
320 |a Список литературы: с. 83. 
330 |a В пособии изложены основные концептуальные материалы, касающиеся процессов проектирования, создания и сопровождения экономических информационных систем. Каждая глава сопровождается списком вопросов для самопроверки, позволяющим студентам проверить уровень усвоенного материала. Предназначено для студентов специальности 080801 "Прикладная информатика (в экономике)" и всех интересующихся основами теории экономических информационных систем. 
610 1 |a экономика 
610 1 |a информация 
610 1 |a экономические информационные системы 
610 1 |a информационные технологии 
610 1 |a экономическая информация 
610 1 |a базы данных 
610 1 |a документы 
610 1 |a документация 
610 1 |a учебные пособия 
686 |a У9(2)39я73  |2 rubbk 
700 1 |a Важдаев  |b А. Н.  |c специалист в области информатики и вычислительной техники  |c доцент, кандидат технических наук Юргинского технологического института (филиала) Томского политехнического университета  |f 1981-  |g Андрей Николаевич  |3 (RuTPU)RU\TPU\pers\24487  |9 10810 
712 0 2 |a Томский политехнический университет (ТПУ)  |c (1991- )  |3 (RuTPU)RU\TPU\col\376 
712 0 2 |a Юргинский технологический институт (филиал)  |3 (RuTPU)RU\TPU\col\5961 
801 1 |a RU  |b 63413507  |c 20081029  |g PSBO 
801 2 |a RU  |b 63413507  |c 20150916  |g PSBO 
942 |c BK